Las Zonas históricas de Morelia y Pátzcuaro ante el Tratado de Libre Comercio (Record no. 42587)
[ view plain ]
| 000 -LEADER | |
|---|---|
| fixed length control field | 01399nam a22002897a 4500 |
| 005 - DATE AND TIME OF LATEST TRANSACTION | |
| control field | 20230216123728.0 |
| 008 - FIXED-LENGTH DATA ELEMENTS--GENERAL INFORMATION | |
| fixed length control field | 230216b mx ||||| |||| 00| 0 spa d |
| 020 ## - INTERNATIONAL STANDARD BOOK NUMBER | |
| International Standard Book Number | 9687376155 |
| 050 04 - LIBRARY OF CONGRESS CALL NUMBER | |
| Classification number | NA757.M8 |
| Item number | R36 1994 |
| 050 04 - LIBRARY OF CONGRESS CALL NUMBER | |
| Classification number | NA757.M67 |
| Item number | R36 1994 |
| 050 04 - LIBRARY OF CONGRESS CALL NUMBER | |
| Classification number | HT169.M62 |
| Item number | M67 1994 |
| 100 1# - MAIN ENTRY--PERSONAL NAME | |
| Personal name | Ramírez Romero, Esperanza, |
| Dates associated with a name | 1937- |
| 245 14 - TITLE STATEMENT | |
| Title | Las Zonas históricas de Morelia y Pátzcuaro ante el Tratado de Libre Comercio |
| Statement of responsibility, etc | / Esperanza Ramírez Romero. |
| 250 ## - EDITION STATEMENT | |
| Edition statement | 1a ed. |
| 260 ## - PUBLICATION, DISTRIBUTION, ETC. (IMPRINT) | |
| Place of publication, distribution, etc | Morelia, México : |
| Name of publisher, distributor, etc | Gobierno del Estado de Michoacán. Instituto Michoacano de Cultura : |
| -- | Universidad Michoacana de San Nicolás de Hidalgo, |
| Date of publication, distribution, etc | 1994. |
| 300 ## - PHYSICAL DESCRIPTION | |
| Extent | 193 p. : |
| Other physical details | il. ; |
| Dimensions | 21 cm. |
| 504 ## - BIBLIOGRAPHY, ETC. NOTE | |
| Bibliography, etc | Bibliografía : p. 183-188 e índice. |
| 650 #7 - SUBJECT ADDED ENTRY--TOPICAL TERM | |
| Source of heading or term | lemb |
| Topical term or geographic name as entry element | Arquitectura colonial |
| General subdivision | Conservación y restauración |
| Geographic subdivision | México |
| -- | Morelia (Michoacán de Ocampo) |
| 650 #7 - SUBJECT ADDED ENTRY--TOPICAL TERM | |
| Source of heading or term | lemb |
| Topical term or geographic name as entry element | Arquitectura colonial |
| General subdivision | Conservación y restauración |
| Geographic subdivision | México |
| -- | Pátzcuaro (Michoacán de Ocampo) |
| 650 #7 - SUBJECT ADDED ENTRY--TOPICAL TERM | |
| Source of heading or term | lemb |
| Topical term or geographic name as entry element | Planificación de ciudades |
| Geographic subdivision | México |
| -- | Morelia |
| 650 #7 - SUBJECT ADDED ENTRY--TOPICAL TERM | |
| Source of heading or term | lemb |
| Topical term or geographic name as entry element | Planificación de ciudades |
| Geographic subdivision | México |
| -- | Patzcuaro |
| 650 #7 - SUBJECT ADDED ENTRY--TOPICAL TERM | |
| Source of heading or term | lemb |
| Topical term or geographic name as entry element | Urbanismo |
| Geographic subdivision | México |
| -- | Morelia |
| 650 #7 - SUBJECT ADDED ENTRY--TOPICAL TERM | |
| Source of heading or term | lemb |
| Topical term or geographic name as entry element | Urbanismo |
| Geographic subdivision | México |
| -- | Patzcuaro |
| 651 #7 - SUBJECT ADDED ENTRY--GEOGRAPHIC NAME | |
| Source of heading or term | lemb |
| Geographic name | Morelia (México) |
| General subdivision | Edificios |
| -- | Conservación y restauración |
| 651 #7 - SUBJECT ADDED ENTRY--GEOGRAPHIC NAME | |
| Source of heading or term | lemb |
| Geographic name | Pátzcuaro (México) |
| General subdivision | Edificios |
| -- | Conservación y restauración |
| 942 ## - ADDED ENTRY ELEMENTS (KOHA) | |
| Source of classification or shelving scheme | Biblioteca del Cogreso de los Estados Unidos |
| Koha item type | Libro |
| Estado de pérdida | Fuente de clasificación | Estado del daño | No para préstamo | Ubicación permanente | Ubicación actual | Apartado o colección | Fecha de adquisición | Edición | Área del conocimiento | Clasificación | Código de Barras | Date last seen | Número de copia | Costo por reposición | Tipo de recurso | Fuente de adquisición | Total Checkouts |
|---|---|---|---|---|---|---|---|---|---|---|---|---|---|---|---|---|---|
| Biblioteca del Cogreso de los Estados Unidos | Biblioteca Pública Universitaria | Biblioteca Pública Universitaria | General | 05/07/2016 | 1a ed. | Educación y Humanidades | NA757.M67 R36 1994 | BPU000000853 | 20/01/2020 | 1 | 1.00 | Libro | Donación | ||||
| Biblioteca del Cogreso de los Estados Unidos | Biblioteca de la Facultad de Arquitectura | Biblioteca de la Facultad de Arquitectura | Consulta | 16/02/2023 | 1a ed. | Educación y Humanidades | HT169.M62 M67 1994 | BFA000005518 | 16/02/2023 | 1 | 1.00 | Libro | |||||
| Biblioteca del Cogreso de los Estados Unidos | Biblioteca de la Unidad de Ciencias Ingeniería y Humanidades | Biblioteca de la Unidad de Ciencias Ingeniería y Humanidades | General | 05/07/2016 | 1a ed. | Ingeniería y Tecnología | NA757.M67 R36 1994 | BCU000015041 | 05/07/2016 | 1 | Libro | Donación | |||||
| Biblioteca del Cogreso de los Estados Unidos | Biblioteca del Instituto de Investigaciones Históricas | Biblioteca del Instituto de Investigaciones Históricas | Fondo Michoacán | 04/10/2013 | 1a ed. | Educación y Humanidades | NA757.M8 R36 1994 | IIH000009868 | 04/10/2013 | 1 | 1.00 | Libro | |||||
| Biblioteca del Cogreso de los Estados Unidos | Biblioteca del Instituto de Investigaciones Históricas | Biblioteca del Instituto de Investigaciones Históricas | Fondo Michoacán | 04/10/2013 | 1a ed. | Educación y Humanidades | NA757.M8 R36 1994 | IIH000009869 | 04/10/2013 | 2 | 1.00 | Libro | |||||
| Biblioteca del Cogreso de los Estados Unidos | Biblioteca del Instituto de Investigaciones Históricas | Biblioteca del Instituto de Investigaciones Históricas | Fondo Michoacán | 04/10/2013 | 1a ed. | Educación y Humanidades | NA757.M8 R36 1994 | IIH000009870 | 04/10/2013 | 3 | 1.00 | Libro | |||||
| Biblioteca del Cogreso de los Estados Unidos | Biblioteca del Instituto de Investigaciones Históricas | Biblioteca del Instituto de Investigaciones Históricas | Fondo Michoacán | 04/10/2013 | 1a ed. | Educación y Humanidades | NA757.M8 R36 1994 | IIH000009871 | 16/01/2015 | 4 | 1.00 | Libro |